000 00792nas a2200253 4500
001 BR9206505
003 BR-BrBNA
005 20231205092929.0
007 ta
008 230509b bl.|||p| |||| 00| 00por d
040 _aBR-BrBNA
_bpor
_cBiblioteca Nacional de Agricultura
041 _a(Pt)
072 _aL53
100 1 _aCavalcanti, S. de S.
100 1 _aBarbosa, A.S.
100 1 _aSampaio, I.B.M.
245 1 _aEfeito da duracao do parto na incidencia de leitoes natimortos
650 _aSUÍNO
650 _aPARTO
650 _aMORTALIDADE ANIMAL
773 0 _tArquivos da Escola de Veterinaria da Universidade Federal de Minas Gerais (Brazil)
_xISSN 0365-8384
_g(Apr 1979), v. 31(1) p. 43-49
_wBR9206505
909 _a202311
_bLúcia
_c55
_dLúcia Elande
942 _2AGRIS
_n0
_cANA
999 _c135190
_d135190